|
|
|
|
| LEADER |
00728nam a2200205Ia 4500 |
| 001 |
CTU_112903 |
| 008 |
210402s9999 xx 000 0 und d |
| 020 |
|
|
|c 250000
|
| 082 |
|
|
|a 382.92
|
| 082 |
|
|
|b Qu501
|
| 100 |
|
|
|a Mai, Hữu Nhật Quang
|
| 245 |
|
0 |
|a Doanh nghiệp Việt Nam trước ngưỡng cửa WTO :
|
| 245 |
|
0 |
|b tìm hiểu để cạnh tranh và phát triển
|
| 245 |
|
0 |
|c Mai Hữu Nhật Quang (sưu tầm và biên dịch)
|
| 260 |
|
|
|a Đồng Nai
|
| 260 |
|
|
|b Tổng hợp Đồng Nai
|
| 260 |
|
|
|c 2006
|
| 650 |
|
|
|a Foreign trade regulation,World trade oraganization,WTO
|
| 904 |
|
|
|i Hiếu
|
| 980 |
|
|
|a Trung tâm Học liệu Trường Đại học Cần Thơ
|